| 000 | 01081aam a2200325 i 4500 | ||
|---|---|---|---|
| 001 | 69404 | ||
| 003 | Mx-PuUPA | ||
| 005 | 20220302075622.0 | ||
| 008 | 211119s2020 mouad||fr|||| 001 0 spa d | ||
| 020 | _a9780323609128 | ||
| 040 |
_aMx-PuUPA _bspa _cMx-PuUPA _dMx-PuUPA _erda |
||
| 041 | 0 | _aspa | |
| 245 | 0 | 0 |
_aGuccione's geriatric physical therapy / _cDale Avers, Rita A. Wong, [editores] |
| 246 | 1 | 0 | _aGeriatric physical therapy |
| 250 | _aFourth edition | ||
| 260 |
_bElsevier Health _c2012 |
||
| 264 | 1 |
_aMissouri : _bElsevier, _c©2020 |
|
| 300 |
_axi, 718 páginas : _bilustraciones, gráficas ; _c28 cm |
||
| 336 |
_2rdacontent _atexto _btxt |
||
| 337 |
_2rdamedia _asin medio _bn |
||
| 338 |
_2rdacarrier _avolumen _bnc |
||
| 650 | 4 | _aFisioterapia para personas mayores | |
| 650 | 4 | _aTerapéutica | |
| 700 | 1 |
_aAvers, Dale, _eeditor _911773 |
|
| 700 | 1 |
_aWong, Rita A., _eeditor |
|
| 942 |
_2ddc _h615.8 _iG92 _cLI |
||
| 999 |
_c69404 _d69404 |
||